[Event "EICC 2009 "]
[Site "Budva"]
[Date "2009.03.11"]
[Round "6.60"]
[White "Saric, Ivan"]
[Black "Leniart, Arkadiusz"]
[Result "1-0"]
[WhiteElo "2566"]
[BlackElo "2360"]
[Annotator "Âàñèëèé Ëåáåäåâ "]
[PlyCount "39"]
[EventDate "2009.03.06"]

1. e4 c5 2. Nf3 Nc6 3. Nc3 {Ðàññ÷èòûâàÿ ïåðåõèòðèòü ÷¸ðíûõ â íå ñàìîì
àêòóàëüíîì ðàçâåòâëåíèè «ñèöèëèàíêè».} e6 4. d4 cxd4 5. Nxd4 Nf6 ({
Íå, óïàñè áîæå, âàðèàíò Òàéìàíîâà -} 5... Qc7 {è ò.ä.}) 6. Bf4 d6 7. Nxc6 bxc6
8. e5 $5 Nd5 9. Nxd5 exd5 $146 {, èçáèðàÿ ñàìîå íåóäà÷íîå ïðîäîëæåíèå.} ({
Ðàíåå âñå èãðàëè èñêëþ÷èòåëüíî} 9... cxd5 {
, ïîñëå ÷åãî áûëî íåìàëî åäèíè÷åê ðàñïèëåíî:} 10. Bb5+ Bd7 11. Bxd7+ Qxd7 12.
exd6 Bxd6 13. Bxd6 Qxd6 14. O-O {
(1/2 Martinovic, S (2461) - Ivanovic, B (2512)/Pancevo 2003)} O-O 15. c4 Rfd8
16. cxd5 Qxd5 17. Qxd5 Rxd5 18. Rfd1 Rad8 19. Rxd5 Rxd5 20. Rc1 g5 21. Kf1 {
(1/2 Simic, R (2485) - Matulovic, M (2445)/Novi Sad 1995). ×¸ðíûå æå çàíèìàþòñÿ èçîáðåòåíèåì âåëîñèïåäà....}) 10. Bd3 dxe5 11. Bxe5 Bd6 12. Bxg7 Rg8 {
Èãðà, êàê ìû âèäèì, óæå îáîñòðèëàñü...} 13. Bc3 ({Òî÷íåå áûëî} 13. Bd4 $1 Rxg2
$140 14. Qh5 $36) 13... Qe7+ $2 {
Íà ÷òî-òî ïîäîáíîå áåëûå, ïî âñåé âèäèìîñòè, è ðàññ÷èòûâàëè...} ({
Ïîñëå æå ïðàâèëüíîãî} 13... Rxg2 $1 {
íèêàêèõ çðèìûõ îïàñíîñòåé çà ÷¸ðíûõ íå îáíàðóæèâàëîñü:} 14. Qf3 ({åñëè} 14.
Qh5 {, òî} Bg4 15. Qxh7 Qb6 $1 {
Âîò ãäå ñêàçûâàåòñÿ îòñóòñòâèå áåëîãî ñëîíà íà d4!}) 14... Qg5 $13) 14. Kf1
Rxg2 $6 {Ëèõî ñûãðàíî.} 15. Qf3 $1 ({Õàïîê} 15. Kxg2 {
, ïðèâîäèë ê ìåíåå ïåðñïåêòèâíûì (ÈÌÕÎ) äëÿ áåëûõ ïîçèöèÿì. Òî åñòü:} Qg5+ $1
16. Kf1 Bh3+ 17. Ke1 Kd7 $1 {ñ íåïðèÿòíûìè «íàì¸êàìè» íàñ÷¸ò îòêðûòîé ëèíèè
«å» è åäèíñòâåííîé îñòàâøåéñÿ ó ÷¸ðíûõ ëàäüè, à òàêæå êîðîëÿ áåëûõ,
çàñòðÿâøåãî â öåíòðå...}) 15... Rxh2 {×òî íàçûâàåòñÿ, â óãàðå áîðüáû... «Íà
ðàäîñòÿõ», ÷òî èõ ëàäüÿ îñòàëàñü öåëîé è íåâðåäèìîé, ÷¸ðíûå õâàòàþò ïåøêó,
êîòîðàÿ îêàçûâàåòñÿ îòïðàâëåííîé.} ({
Íî ñêàæèòå, íà ìèëîñòü, êîãî ìîæåò òóò ïðåëüñòèòü} 15... Rg8 16. Re1 Be6 17.
Bxh7 $16 {è ò.ä.?}) 16. Rxh2 Bxh2 {Ïåøêà ó ÷¸ðíûõ, êîíå÷íî, ëèøíÿÿ, «çàòî»
ïîëîæåíèå - âïîëíå ïðîèãðàííîå, ÷òî ñîïåðíèê ñâîèì ÷¸òêèì õîäîì è
äåìîíñòðèðóåò:} 17. Bf6 $1 Qd6 18. Re1+ Be6 ({Èëè} 18... Kd7 19. Bf5+ Kc7 20.
Re7+ {è ò.ä.}) 19. Qh5 Kd7 {×¸ðíûé êîðîëü ñâîé «äðàï» íàìåðåí  ïðîäîëæàòü è
äàëüøå, ïðåäëàãàÿ âðàæåñêîìó ôåðçþ ïîäçàêóñèòü ïåøêîé íà h7. Îäíàêî...} 20.
Rxe6 $3 {È íà ýòîé âûñîêîé íîòå ïîçâîëüòå îòêëàíÿòüñÿ. Âàðèàíòû,
äåìîðàëèçîâàâøèå ÷¸ðíûõ, íàñòîëüêî ïðîñòû, ÷òî èõ, ÿ äóìàþ, è
äåìîíñòðèðîâàòü íå îáÿçàòåëüíî...} 1-0